| Tag |
First Indicator |
Second Indicator |
Subfields |
| LEADER |
00000cam a2200000 a 4500 |
| 001 |
in00002749372 |
| 005 |
20151202170114.0 |
| 008 |
111229s2012 nyu 000 1 eng |
| 010 |
|
|
|a 2011049449
|
| 020 |
|
|
|a 9780399159084
|
| 020 |
|
|
|a 0399159088
|
| 035 |
|
|
|a (OCoLC)ocn761846554
|
| 040 |
|
|
|a DLC
|b eng
|c DLC
|d BTCTA
|d BDX
|d UPZ
|d YDXCP
|d IEB
|d CO2
|d IEP
|d JBL
|d UtOrBLW
|
| 049 |
|
|
|a TXAM
|
| 050 |
0 |
0 |
|a PS3561.R44
|b C84 2012
|
| 082 |
0 |
0 |
|a 813/.54
|2 23
|
| 100 |
1 |
|
|a Quick, Amanda.
|
| 245 |
1 |
0 |
|a Crystal gardens /
|c Amanda Quick.
|
| 264 |
|
1 |
|a New York :
|b G. P. Putnam's Sons,
|c [2012]
|
| 264 |
|
4 |
|c ©2012
|
| 300 |
|
|
|a 338 pages ;
|c 24 cm.
|
| 336 |
|
|
|a text
|b txt
|2 rdacontent
|
| 337 |
|
|
|a unmediated
|b n
|2 rdamedia
|
| 338 |
|
|
|a volume
|b nc
|2 rdacarrier
|
| 490 |
1 |
|
|a Ladies of Lantern Street novel
|
| 520 |
|
|
|a Moving to a country cottage where she seeks refuge in a paranormally charged garden, Evangeline Ames is rescued from a would-be assassin by the garden's owner, Lucas Sebastian, who taps Evangeline's detective skills to solve a buried-treasure mystery and stop a common enemy.
|
| 650 |
|
0 |
|a Attempted murder
|v Fiction.
|
| 650 |
|
0 |
|a Gardens
|v Fiction.
|
| 650 |
|
0 |
|a Paranormal fiction.
|
| 655 |
|
7 |
|a Romantic suspense fiction.
|2 gsafd
|
| 655 |
|
7 |
|a Occult fiction.
|2 gsafd
|
| 655 |
|
7 |
|a Paranormal fiction.
|2 lcgft
|
| 800 |
1 |
|
|a Quick, Amanda.
|t Ladies of Lantern Street novel.
|
| 948 |
|
|
|a cataloged
|b h
|c 2012/4/26
|d c
|e ceaton
|f 2:42:35 pm
|
| 994 |
|
|
|a C0
|b TXA
|
| 999 |
|
|
|a MARS
|
| 999 |
f |
f |
|s 7905c617-6103-3a4c-a723-2da2cce03439
|i 8cd3f99e-1c1a-3174-9252-99ab9d6feaf1
|t 0
|
| 952 |
f |
f |
|p ric
|a Texas A&M University
|b Rellis Campus
|c Joint Library Facility
|d Remote Storage
|t 0
|e PS3561.R44 C84 2012
|h Library of Congress classification
|i unmediated -- volume
|m A14841396784
|
| 998 |
f |
f |
|a PS3561.R44 C84 2012
|t 0
|l Remote Storage
|